<?xml version="1.0" encoding="UTF-8"?>
<collection xmlns="http://www.loc.gov/MARC21/slim">
 <record>
  <leader>01906naa a2200241 i 4500</leader>
  <controlfield tag="001">acta76362</controlfield>
  <controlfield tag="005">20220808082550.0</controlfield>
  <controlfield tag="008">220808s2022    hu      o     0||   hun d</controlfield>
  <datafield tag="022" ind1=" " ind2=" ">
   <subfield code="a">2064-809X</subfield>
  </datafield>
  <datafield tag="040" ind1=" " ind2=" ">
   <subfield code="a">SZTE Egyetemi Kiadványok Repozitórium</subfield>
   <subfield code="b">hun</subfield>
  </datafield>
  <datafield tag="041" ind1=" " ind2=" ">
   <subfield code="a">hun</subfield>
  </datafield>
  <datafield tag="041" ind1=" " ind2=" ">
   <subfield code="a">eng</subfield>
  </datafield>
  <datafield tag="100" ind1="1" ind2=" ">
   <subfield code="a">Deák Ádám</subfield>
  </datafield>
  <datafield tag="245" ind1="1" ind2="0">
   <subfield code="a">Szeged szabad királyi város képviselete az 1843/44. évi országgyűlésen - követutasítások és követjelentések a diétáról</subfield>
   <subfield code="h">[elektronikus dokumentum] /</subfield>
   <subfield code="c"> Deák Ádám</subfield>
  </datafield>
  <datafield tag="260" ind1=" " ind2=" ">
   <subfield code="a">Szegedi Tudományegyetem Móra Ferenc Szakkollégiuma</subfield>
   <subfield code="b">Szeged</subfield>
   <subfield code="c">2022</subfield>
  </datafield>
  <datafield tag="300" ind1=" " ind2=" ">
   <subfield code="a">13-42</subfield>
  </datafield>
  <datafield tag="490" ind1="0" ind2=" ">
   <subfield code="a">Móra Akadémia</subfield>
   <subfield code="v">10</subfield>
  </datafield>
  <datafield tag="490" ind1="0" ind2=" ">
   <subfield code="a">Móra Akadémia : szakkollégiumi tanulmánykötet 10.</subfield>
   <subfield code="v">10</subfield>
  </datafield>
  <datafield tag="520" ind1="3" ind2=" ">
   <subfield code="a">In my essay, I examine the case of the free royal city through the example of Szeged. I examine based on the speeches of the ambassadors, the instructions of the ambassadors and the reports of the ambassadors. The ambassadorial instructions basically defined the functioning of the national assembly, as the ambassadors had to stick to their instructions, they could not deviate from it, if they did, they could call them back and send someone else in their place. As parliamentary deliberations progressed, more and more cases could arise, in which case the ambassadors do not free to decide for themselves, but had to wait for a replacement order from their municipality. Deciding the case of cities of the cities was important, as all the free royal cities had only one vote. Szeged was represented in this national assembly by Ferdinánd Aigner and Antal Szilber.</subfield>
  </datafield>
  <datafield tag="650" ind1=" " ind2="4">
   <subfield code="a">Bölcsészettudományok</subfield>
  </datafield>
  <datafield tag="650" ind1=" " ind2="4">
   <subfield code="a">Történettudomány és régészet</subfield>
  </datafield>
  <datafield tag="695" ind1=" " ind2=" ">
   <subfield code="a">Szeged története - 19. sz., Országgyűlés - Magyarország - 1843-1844, Magyarország története - 1843-1844</subfield>
  </datafield>
  <datafield tag="856" ind1="4" ind2="0">
   <subfield code="u">http://acta.bibl.u-szeged.hu/76362/1/moraakademia_010_013-042.pdf</subfield>
   <subfield code="z">Dokumentum-elérés </subfield>
  </datafield>
 </record>
</collection>
